| 000 | 00621nam a22001937a 4500 | ||
|---|---|---|---|
| 008 | 151106b xxu||||| |||| 00| 0 eng d | ||
| 020 | _a978-1-4441-7011-5 (pbk) | ||
| 082 |
_aDC 150.727 _bC77r |
||
| 100 |
_9239 _aCoolican, Hugh |
||
| 245 |
_aResearch methods and statistics in psychology/ _cHugh Coolican |
||
| 250 | _aSixth edition | ||
| 260 |
_aLondon: _bPsychology Press; _cc2014. |
||
| 300 |
_axiii, 773 pages; _c24 cm. |
||
| 500 | _aIncludes bibliographical references and index. | ||
| 650 | 0 |
_9240 _aPsychology _xResearch _xMethodology |
|
| 650 | 0 |
_9241 _aPsychometrics |
|
| 365 |
_b1,898.00 _cPHP. |
||
| 942 |
_2ddc _cDC |
||
| 999 |
_c164 _d164 |
||